| 000 | 01153nam a2200313 a 4500 | ||
|---|---|---|---|
| 001 | 000026554 | ||
| 003 | DO-SdBNP | ||
| 005 | 20180402155405.0 | ||
| 007 | 000026554 | ||
| 008 | 110323s1995 dr 000 0 spa d | ||
| 040 |
_aBPMSU _bspa _cBPMSU |
||
| 092 |
_aRD865.1 _bS211s |
||
| 100 | 1 | _aSánchez Valverde, Antonio | |
| 245 | 1 | 0 |
_aSermones panegíricos y de misterios / _cAntonio Sánchez Valverde ; notas del autor, notas adicionales de José Luis Sáez. |
| 260 | 0 |
_aSanto Domingo : _bFundación Corripio, _c1995. |
|
| 300 |
_a313 p. ; _c24 cm. |
||
| 490 | 1 |
_aBiblioteca de clásicos dominicanos _v22 |
|
| 500 | _aIncluye referencias biobliográficas y notas al pie de las páginas | ||
| 533 |
_aFacsimil _bMadrid: _cImpresor de Camara de S.M., _d1783 |
||
| 650 | 4 |
_aSERMONES ESPAÑOLES _xCOLECCIONES |
|
| 650 | 4 |
_aORATORIA DOMINICANA _xCOLECCIONES |
|
| 650 | 4 | _aLITERATURA DOMINICANA | |
| 700 | 1 | 2 | _aSáez, José Luis |
| 830 | 0 |
_aBiblioteca del clásicos dominicanos _v22 |
|
| 910 | _aValidado. Control de calidad MFF | ||
| 942 |
_2ddc _cBK |
||
| 945 | _aRemanejado para la BNPHU / 2014 VM | ||
| 956 |
_aVMATEO _b10 _c20150713 _lBPMSU _h00151 |
||
| 999 |
_c7770 _d7770 |
||